[Event "43. Olimpiada Batumi 2018 Femenina"]
[Site "Batumi GEO"]
[Date "2018.09.28"]
[Round "5.2"]
[White "Lohani, Sujana"]
[Black "Malillo, Phera"]
[Result "1-0"]
[WhiteElo "1537"]
[BlackElo "1350"]
[PlyCount "66"]
[EventDate "2018.09.24"]
[EventType "team-swiss"]
[EventRounds "11"]
[EventCountry "GEO"]
[SourceTitle "Ajedrez en Madrid"]
[Source "lmi"]
[SourceDate "2018.09.24"]
[WhiteTeam "Nepal"]
[BlackTeam "Lesotho"]
[WhiteTeamCountry "NEP"]
[BlackTeamCountry "LES"]

1. d4 d5 2. Nf3 Nf6 3. c4 e6 4. g3 Be7 5. Bg2 O-O 6. O-O Nbd7 7. Nbd2 c5 8.
cxd5 Nxd5 9. e4 N5b6 10. Qc2 cxd4 11. Nxd4 Ne5 12. N2b3 Bd7 13. Rd1 Rc8 14. Qe2
Qe8 15. Na5 Bc6 16. f4 Ng6 17. Naxc6 bxc6 18. e5 Bc5 19. Be3 Bxd4 20. Bxd4 Rc7
21. Bc5 Ne7 22. b3 f6 23. Bh3 Qf7 24. exf6 Qxf6 25. Bxe6+ Kh8 26. Bd4 Qh6 27.
Qe5 Nbd5 28. Rac1 Ng6 29. Qd6 Nge7 30. Be5 Re8 31. Bxd5 Qxd6 32. Bxd6 Rd7 33.
Bxe7 Rexe7 1-0

[Event "43. Olimpiada Batumi 2018 Femenina"]
[Site "Batumi GEO"]
[Date "2018.09.28"]
[Round "5.3"]
[White "McPherson, Naleli"]
[Black "Khamboo, Monalisha"]
[Result "0-1"]
[WhiteElo "1267"]
[BlackElo "1704"]
[PlyCount "114"]
[EventDate "2018.09.24"]
[EventType "team-swiss"]
[EventRounds "11"]
[EventCountry "GEO"]
[SourceTitle "Ajedrez en Madrid"]
[Source "lmi"]
[SourceDate "2018.09.24"]
[WhiteTeam "Lesotho"]
[BlackTeam "Nepal"]
[WhiteTeamCountry "LES"]
[BlackTeamCountry "NEP"]

1. e4 c5 2. Nf3 g6 3. d4 cxd4 4. Nxd4 Nc6 5. Nc3 Bg7 6. Nb3 Nf6 7. Bd3 O-O 8.
O-O a6 9. Bd2 d5 10. exd5 Nxd5 11. Rb1 Nxc3 12. Bxc3 Bxc3 13. bxc3 e6 14. f4
Qf6 15. Qd2 Rd8 16. Rf3 e5 17. fxe5 Qxe5 18. Rbf1 Be6 19. Qe1 Rac8 20. Re3 Qc7
21. Kh1 Re8 22. Qg3 Qxg3 23. Rxg3 Ne5 24. Be4 Nc6 25. Bxc6 Rxc6 26. Nd4 Rb6 27.
Nb3 Rd8 28. Rd3 Rxd3 29. cxd3 Bxb3 30. Rb1 Rd6 31. Rxb3 Rxd3 32. h3 b5 33. Kg1
Kf8 34. Kh2 Ke7 35. Kg1 Kd6 36. Ra3 Ke5 37. Rxa6 Rxc3 38. Ra7 Kf6 39. Ra6+ Kg7
40. Kf2 h5 41. h4 b4 42. g3 Ra3 43. Rxa3 bxa3 44. Ke3 Kf6 45. Kf4 Ke6 46. Ke4
f6 47. Kd4 Kf5 48. Ke3 Kg4 49. Kf2 g5 50. hxg5 fxg5 51. Kg2 h4 52. gxh4 gxh4
53. Kf2 Kf4 54. Kg2 Ke4 55. Kh3 Kd4 56. Kxh4 Kc3 57. Kg3 Kb2 0-1

[Event "43. Olimpiada Batumi 2018 Femenina"]
[Site "Batumi GEO"]
[Date "2018.09.28"]
[Round "5.4"]
[White "Thapa, Khusbu"]
[Black "Leboela, Maboloko"]
[Result "0-1"]
[WhiteElo "1411"]
[BlackElo "1306"]
[PlyCount "82"]
[EventDate "2018.09.24"]
[EventType "team-swiss"]
[EventRounds "11"]
[EventCountry "GEO"]
[SourceTitle "Ajedrez en Madrid"]
[Source "lmi"]
[SourceDate "2018.09.24"]
[WhiteTeam "Nepal"]
[BlackTeam "Lesotho"]
[WhiteTeamCountry "NEP"]
[BlackTeamCountry "LES"]

1. d4 d5 2. Bf4 e6 3. e3 Bd6 4. Bg3 Nf6 5. Nd2 O-O 6. Ngf3 c5 7. c3 c4 8. Qc2
h6 9. e4 Be7 10. e5 Nh7 11. h4 Nd7 12. Bf4 Re8 13. g4 Ndf8 14. g5 h5 15. Be2 g6
16. Nf1 Bd7 17. Ng3 b5 18. a3 Rc8 19. O-O Qb6 20. Bd2 a5 21. Nh2 b4 22. axb4
axb4 23. Kh1 b3 24. Qb1 Ra8 25. Rg1 Rxa1 26. Qxa1 Bc6 27. Qb1 Qa5 28. f4 Qa2
29. Qxa2 bxa2 30. Ra1 Ra8 31. Bd1 Nd7 32. b3 Bb5 33. bxc4 Bxc4 34. Nhf1 Ba3 35.
Rxa2 Bxa2 36. Ne3 Nb6 37. Kg2 Nc4 38. Nxc4 Bxc4 39. Kf2 Bb2 40. Ne2 Nf8 41. Ke1
Ra1 0-1

[Event "43. Olimpiada Batumi 2018 Femenina"]
[Site "Batumi GEO"]
[Date "2018.09.28"]
[Round "5.1"]
[White "Rawan, Eyhab"]
[Black "Benson, Maud"]
[Result "1-0"]
[WhiteElo "1568"]
[BlackElo "1334"]
[PlyCount "107"]
[EventDate "2018.09.24"]
[EventType "team-swiss"]
[EventRounds "11"]
[EventCountry "GEO"]
[SourceTitle "Ajedrez en Madrid"]
[Source "lmi"]
[SourceDate "2018.09.24"]
[WhiteTeam "Sudan"]
[BlackTeam "Ghana"]
[WhiteTeamCountry "SUD"]
[BlackTeamCountry "GHA"]

1. d4 Nf6 2. Bf4 e6 3. Nf3 d5 4. e3 Nbd7 5. Bd3 b6 6. O-O Bb7 7. Nbd2 Be7 8. h3
O-O 9. c3 Rc8 10. a4 c5 11. a5 c4 12. Be2 b5 13. Ne5 Re8 14. Ndf3 Ne4 15. Nd2
Nxe5 16. Bxe5 Nxd2 17. Qxd2 Bd6 18. Bxd6 Qxd6 19. Bf3 a6 20. Qc2 e5 21. dxe5
Qxe5 22. Rfd1 Red8 23. Rd4 Rd6 24. Rad1 Rcd8 25. Qd2 Bc6 26. e4 b4 27. cxb4 Ba4
28. Ra1 dxe4 29. Rxe4 Qxe4 30. Qxd6 Rxd6 31. Bxe4 Bb5 32. Rc1 g6 33. Rc2 f5 34.
Bf3 Kg7 35. Be2 Rd4 36. Kf1 Kf6 37. Ke1 Ke5 38. Rc3 g5 39. b3 f4 40. Bxc4 Re4+
41. Kd2 Rd4+ 42. Kc2 Bxc4 43. bxc4 h6 44. b5 axb5 45. cxb5 Ra4 46. b6 Rxa5 47.
b7 Rb5 48. Rb3 Rxb7 49. Rxb7 Kf5 50. Kd3 h5 51. Rb5+ Kf6 52. Ke4 h4 53. Rb6+
Ke7 54. Kf5 1-0

[Event "43. Olimpiada Batumi 2018 Femenina"]
[Site "Batumi GEO"]
[Date "2018.09.28"]
[Round "5.2"]
[White "Felix, Tobi"]
[Black "Rawan, Jamal"]
[Result "1-0"]
[WhiteElo "1468"]
[BlackElo "1471"]
[PlyCount "145"]
[EventDate "2018.09.24"]
[EventType "team-swiss"]
[EventRounds "11"]
[EventCountry "GEO"]
[SourceTitle "Ajedrez en Madrid"]
[Source "lmi"]
[SourceDate "2018.09.24"]
[WhiteTeam "Ghana"]
[BlackTeam "Sudan"]
[WhiteTeamCountry "GHA"]
[BlackTeamCountry "SUD"]

1. d4 d5 2. Bf4 Nf6 3. e3 e6 4. Nf3 Bd6 5. Bxd6 Qxd6 6. c3 O-O 7. Nbd2 b6 8.
Bd3 Nbd7 9. O-O Bb7 10. Re1 Rfe8 11. Nf1 Rac8 12. Ng3 c5 13. Rc1 e5 14. Nf5 Qf8
15. Bb5 Bc6 16. Bxc6 Rxc6 17. dxe5 Nxe5 18. Ng3 c4 19. Nd4 Rcc8 20. Rb1 Nd3 21.
Rf1 Ne4 22. Nxe4 dxe4 23. Qa4 a5 24. Qb5 Qd6 25. Nf5 Qf6 26. Nd4 Re5 27. Qd7
Rd8 28. Qb7 Rde8 29. Nc6 R5e6 30. Nd4 Nc5 31. Qc7 R6e7 32. Qg3 Re5 33. f4 Rh5
34. Qg4 g6 35. Ne2 Rh4 36. Qg3 Rd8 37. Rbd1 Nd3 38. f5 g5 39. Nf4 Rd6 40. Nxd3
cxd3 41. Rd2 Qh6 42. Rdf2 Rd8 43. h3 Qh5 44. Rd2 Rc8 45. Kh2 f6 46. Qd6 Qf7 47.
Qxb6 Ra8 48. Qc6 Re8 49. Qd6 Re5 50. g3 Rh6 51. g4 Rh4 52. Kg3 Re7 53. Qd8+ Re8
54. Qxa5 h5 55. Qc5 hxg4 56. hxg4 Qh7 57. Qd5+ Kh8 58. Kf2 Rh2+ 59. Ke1 Qh4+
60. Kd1 Qxg4+ 61. Ke1 Rxd2 62. Rh1+ Kg7 63. Qd7+ Kg8 64. Qh7+ Kf8 65. Qh8+ Ke7
66. Rh7+ Kd6 67. Qxf6+ Kc5 68. Rc7+ Kd5 69. Rd7+ Kc5 70. Qd4+ Kc6 71. Qd6+ Kb5
72. Rb7+ Kc4 73. Qc6# 1-0

[Event "43. Olimpiada Batumi 2018 Femenina"]
[Site "Batumi GEO"]
[Date "2018.09.28"]
[Round "5.3"]
[White "Sara, Gadalla Karar"]
[Black "Ashley, Christiana Naa Merl"]
[Result "1-0"]
[WhiteElo "1446"]
[BlackElo "1246"]
[PlyCount "111"]
[EventDate "2018.09.24"]
[EventType "team-swiss"]
[EventRounds "11"]
[EventCountry "GEO"]
[SourceTitle "Ajedrez en Madrid"]
[Source "lmi"]
[SourceDate "2018.09.24"]
[WhiteTeam "Sudan"]
[BlackTeam "Ghana"]
[WhiteTeamCountry "SUD"]
[BlackTeamCountry "GHA"]

1. d4 d5 2. Bg5 Nf6 3. Nf3 Bf5 4. e3 e6 5. Bd3 Bg6 6. O-O c5 7. Re1 c4 8. Bxg6
hxg6 9. c3 Qb6 10. Bxf6 gxf6 11. b3 Qc7 12. Nbd2 Bd6 13. Nf1 Nd7 14. e4 O-O-O
15. exd5 exd5 16. g3 Rdg8 17. Ne3 Nb6 18. a4 a5 19. Qb1 f5 20. bxc4 Nxc4 21.
Nxd5 Qc6 22. Qb5 Qxb5 23. axb5 f4 24. Ne5 Bxe5 25. Ne7+ Kc7 26. Nxg8 fxg3 27.
fxg3 Bxd4+ 28. cxd4 Rxg8 29. Re7+ Kb6 30. Rxf7 Nd6 31. Rf6 Rd8 32. Rxg6 Kxb5
33. Rg5+ Kc4 34. Raxa5 b5 35. h4 Ne4 36. Raxb5 Nxg5 37. Rxg5 Rxd4 38. Kf2 Rd2+
39. Ke3 Rd3+ 40. Ke4 Rd4+ 41. Kf5 Rd5+ 42. Kf6 Rd6+ 43. Ke7 Rh6 44. h5 Kd4 45.
g4 Ke4 46. Rg6 Rh7+ 47. Kf6 Kf4 48. Rg7 Rh6+ 49. Rg6 Rh7 50. h6 Rh8 51. g5 Kg4
52. Kg7 Kf5 53. h7 Rd8 54. Kh6 Rd4 55. Rf6+ Ke5 56. h8=Q 1-0

[Event "43. Olimpiada Batumi 2018 Femenina"]
[Site "Batumi GEO"]
[Date "2018.09.28"]
[Round "5.4"]
[White "Allotey, Dorcas"]
[Black "Marwa, Jadalla"]
[Result "0-1"]
[WhiteElo "1241"]
[BlackElo "1322"]
[PlyCount "66"]
[EventDate "2018.09.24"]
[EventType "team-swiss"]
[EventRounds "11"]
[EventCountry "GEO"]
[SourceTitle "Ajedrez en Madrid"]
[Source "lmi"]
[SourceDate "2018.09.24"]
[WhiteTeam "Ghana"]
[BlackTeam "Sudan"]
[WhiteTeamCountry "GHA"]
[BlackTeamCountry "SUD"]

1. e4 d5 2. Nc3 dxe4 3. Nxe4 e6 4. d4 Nc6 5. c3 Nf6 6. Bg5 Be7 7. f3 Nxe4 8.
fxe4 Bxg5 9. Nf3 O-O 10. e5 b6 11. h4 Be7 12. Qd2 Bb7 13. Qf4 f6 14. Bd3 fxe5
15. Qe4 g6 16. h5 Rf4 17. Qe3 Bh4+ 18. Rxh4 Rxh4 19. hxg6 hxg6 20. Nxh4 Qxh4+
21. Kd2 Ne7 22. Rg1 Rf8 23. Qxe5 Qf2+ 24. Be2 Qxg1 25. Qxe6+ Rf7 26. g4 Nd5 27.
Qe8+ Kg7 28. Qe4 Qh2 29. c4 Qf4+ 30. Kd3 Nb4+ 31. Kc3 Qxe4 32. Kxb4 Qxe2 33.
Ka3 Qxc4 0-1

[Event "43. Olimpiada Batumi 2018 Femenina"]
[Site "Batumi GEO"]
[Date "2018.09.28"]
[Round "5.1"]
[White "Kovacova, Zuzana"]
[Black "Esse, Akua Kosife"]
[Result "1-0"]
[WhiteElo "2079"]
[BlackElo "1355"]
[PlyCount "47"]
[EventDate "2018.09.24"]
[EventType "team-swiss"]
[EventRounds "11"]
[EventCountry "GEO"]
[SourceTitle "Ajedrez en Madrid"]
[Source "lmi"]
[SourceDate "2018.09.24"]
[WhiteTeam "Bermuda"]
[BlackTeam "Togo"]
[WhiteTeamCountry "BER"]
[BlackTeamCountry "TOG"]

1. e4 e5 2. Nf3 Nc6 3. Bb5 d6 4. O-O Bd7 5. c3 Nf6 6. Qe2 Qe7 7. Re1 h6 8. d4
O-O-O 9. d5 Nb8 10. a4 a6 11. Bd3 g5 12. b4 g4 13. Nfd2 Qe8 14. b5 a5 15. b6 c5
16. Nc4 Bxa4 17. Nxa5 Qd7 18. c4 Re8 19. Nc3 Kd8 20. Rxa4 Ke7 21. Nxb7 Rc8 22.
Ra7 Ke8 23. Bc2 Nc6 24. dxc6 1-0

[Event "43. Olimpiada Batumi 2018 Femenina"]
[Site "Batumi GEO"]
[Date "2018.09.30"]
[Round "6.1"]
[White "Koneru, Humpy"]
[Black "Zatonskih, Anna"]
[Result "1-0"]
[WhiteElo "2557"]
[BlackElo "2431"]
[PlyCount "69"]
[EventDate "2018.09.24"]
[EventType "team-swiss"]
[EventRounds "11"]
[EventCountry "GEO"]
[SourceTitle "Ajedrez en Madrid"]
[Source "lmi"]
[SourceDate "2018.09.24"]
[WhiteTeam "India"]
[BlackTeam "United States of America"]
[WhiteTeamCountry "IND"]

1. Nf3 d5 2. d4 Nf6 3. c4 e6 4. Nc3 Be7 5. Bf4 O-O 6. a3 c5 7. dxc5 Bxc5 8. e3
Nc6 9. Qc2 Qa5 10. Rd1 Re8 11. Nd2 e5 12. Bg5 Nd4 13. Qb1 Bf5 14. Bd3 Bxd3 15.
Qxd3 Ne4 16. Nxd5 Nxg5 17. exd4 Bxd4 18. b4 Qd8 19. Qb3 Ne6 20. O-O Qd7 21. Nf3
Rad8 22. a4 f6 23. a5 Qf7 24. Qa2 Rd7 25. Nxd4 Nxd4 26. f4 Nf5 27. fxe5 Rxe5
28. Qf2 Nd6 29. Qxa7 Nxc4 30. a6 Nd6 31. Nb6 Rd8 32. Rxd6 Rxd6 33. axb7 Re8 34.
b8=Q Qe6 35. Qbc7 1-0

[Event "43. Olimpiada Batumi 2018 Femenina"]
[Site "Batumi GEO"]
[Date "2018.09.30"]
[Round "6.2"]
[White "Krush, Irina"]
[Black "Harika, Dronavalli"]
[Result "1-0"]
[WhiteElo "2423"]
[BlackElo "2500"]
[PlyCount "113"]
[EventDate "2018.09.24"]
[EventType "team-swiss"]
[EventRounds "11"]
[EventCountry "GEO"]
[SourceTitle "Ajedrez en Madrid"]
[Source "lmi"]
[SourceDate "2018.09.24"]
[WhiteTeam "United States of America"]
[BlackTeam "India"]
[BlackTeamCountry "IND"]

1. d4 d5 2. c4 e6 3. Nf3 Nf6 4. Bg5 Nbd7 5. Nc3 h6 6. Bh4 Be7 7. e3 O-O 8. Qc2
c5 9. dxc5 Nxc5 10. cxd5 Nxd5 11. Bxe7 Qxe7 12. Nxd5 exd5 13. Be2 Bg4 14. O-O
Rac8 15. Nd4 Ne6 16. Qd2 Bxe2 17. Nxe2 Rfd8 18. Rac1 Rc4 19. Rfd1 Qg5 20. Rc3
Rxc3 21. Qxc3 Qg4 22. Qd2 Qc4 23. a3 Qb3 24. h3 a6 25. Qc1 Rd6 26. Rd2 Rd8 27.
Nd4 Qb6 28. Qc3 Qc7 29. Qxc7 Nxc7 30. Rc2 Rd7 31. Kf1 Kf8 32. Ke2 g6 33. Nb3
Ne6 34. Nc5 Nxc5 35. Rxc5 Ke7 36. Kd3 h5 37. h4 Ke6 38. Kd4 b6 39. Rc6+ Rd6 40.
Rc7 a5 41. b4 axb4 42. axb4 Rd8 43. b5 Rd6 44. Rb7 Kf6 45. f3 Ke6 46. g4 Kf6
47. g5+ Ke6 48. f4 Kf5 49. Rxf7+ Kg4 50. Rf6 Rd8 51. Rxg6 Kxh4 52. Rxb6 Kg4 53.
Rh6 h4 54. b6 h3 55. b7 Rb8 56. Rh7 Kf5 57. Kxd5 1-0

[Event "43. Olimpiada Batumi 2018 Femenina"]
[Site "Batumi GEO"]
[Date "2018.09.30"]
[Round "6.3"]
[White "Tania, Sachdev"]
[Black "Abrahamyan, Tatev"]
[Result "1-0"]
[WhiteElo "2400"]
[BlackElo "2361"]
[PlyCount "61"]
[EventDate "2018.09.24"]
[EventType "team-swiss"]
[EventRounds "11"]
[EventCountry "GEO"]
[SourceTitle "Ajedrez en Madrid"]
[Source "lmi"]
[SourceDate "2018.09.24"]
[WhiteTeam "India"]
[BlackTeam "United States of America"]
[WhiteTeamCountry "IND"]

1. d4 e6 2. c4 b6 3. Nf3 Bb7 4. Nc3 Bb4 5. Qb3 Qe7 6. a3 Bxc3+ 7. Qxc3 Nf6 8.
g3 O-O 9. Bg2 d6 10. O-O Nbd7 11. b4 Rac8 12. Bb2 Rfd8 13. Rfd1 c5 14. dxc5
bxc5 15. b5 d5 16. Qa5 a6 17. bxa6 Ra8 18. a7 Qd6 19. cxd5 exd5 20. Nh4 Qa6 21.
Qxa6 Bxa6 22. Bxd5 Nxd5 23. Rxd5 Rxa7 24. Nf5 Rb7 25. Rd2 g6 26. Nd6 Nb6 27.
Rad1 Rbd7 28. Bf6 Rb8 29. Rb1 Rc7 30. Nc4 Bxc4 31. Be5 1-0

[Event "43. Olimpiada Batumi 2018 Femenina"]
[Site "Batumi GEO"]
[Date "2018.09.30"]
[Round "6.4"]
[White "Yu, Jennifer"]
[Black "Karavade, Eesha"]
[Result "1-0"]
[WhiteElo "2268"]
[BlackElo "2374"]
[PlyCount "109"]
[EventDate "2018.09.24"]
[EventType "team-swiss"]
[EventRounds "11"]
[EventCountry "GEO"]
[SourceTitle "Ajedrez en Madrid"]
[Source "lmi"]
[SourceDate "2018.09.24"]
[WhiteTeam "United States of America"]
[BlackTeam "India"]
[BlackTeamCountry "IND"]

1. d4 Nf6 2. c4 e6 3. Nc3 Bb4 4. g3 O-O 5. Bg2 d5 6. Nf3 c5 7. O-O dxc4 8. dxc5
Nc6 9. Qa4 Qe7 10. Bg5 h6 11. Bxf6 Qxf6 12. Rac1 Qe7 13. Nd4 Qxc5 14. Nxc6 bxc6
15. Ne4 Qa5 16. Qxa5 Bxa5 17. Rxc4 Rb8 18. b3 Rd8 19. Rxc6 Bb7 20. Rc2 Bxe4 21.
Bxe4 Rbc8 22. Rfc1 Rxc2 23. Rxc2 Kf8 24. Bd3 Rd7 25. Rc8+ Ke7 26. Kg2 Rc7 27.
Rb8 Bb6 28. a4 Rd7 29. Bb5 Rd4 30. Rb7+ Kf8 31. Bc4 Rd2 32. f4 g6 33. h3 h5 34.
g4 hxg4 35. hxg4 Rd4 36. Kf3 Rd1 37. Ke4 Rd4+ 38. Ke5 Rd1 39. f5 Bd4+ 40. Kf4
gxf5 41. gxf5 exf5 42. Rxf7+ Ke8 43. Kxf5 a5 44. Ke6 Bc5 45. Rc7 Rd6+ 46. Ke5
Ba3 47. Ra7 Bb4 48. Rb7 Rh6 49. Rxb4 axb4 50. Kd5 Kd7 51. Kc5 Rh5+ 52. Bd5 Kc7
53. e4 Rg5 54. a5 Rg6 55. Kxb4 1-0

[Event "43. Olimpiada Batumi 2018 Femenina"]
[Site "Batumi GEO"]
[Date "2018.09.30"]
[Round "6.1"]
[White "Muzychuk, Anna"]
[Black "Ju, Wenjun"]
[Result "1/2-1/2"]
[WhiteElo "2555"]
[BlackElo "2561"]
[PlyCount "117"]
[EventDate "2018.09.24"]
[EventType "team-swiss"]
[EventRounds "11"]
[EventCountry "GEO"]
[SourceTitle "Ajedrez en Madrid"]
[Source "lmi"]
[SourceDate "2018.09.24"]
[WhiteTeam "Ukraine"]
[BlackTeam "China"]
[WhiteTeamCountry "UKR"]
[BlackTeamCountry "CHN"]

1. e4 e5 2. Nf3 Nf6 3. Nxe5 d6 4. Nf3 Nxe4 5. Nc3 Nxc3 6. dxc3 Be7 7. Be3 Nc6
8. Bc4 O-O 9. Qe2 Bf5 10. O-O-O Qd7 11. h3 Rae8 12. g4 Be4 13. Rhg1 Bxf3 14.
Qxf3 Ne5 15. Qe2 Nxc4 16. Qxc4 Bd8 17. g5 Qf5 18. Rg4 Re5 19. h4 Qe6 20. Rdg1
b6 21. a4 Qxc4 22. Rxc4 Rfe8 23. Rf4 Re4 24. b3 Rxf4 25. Bxf4 Re4 26. Bg3 f6
27. f4 Kf7 28. Kd2 d5 29. Rf1 Ke6 30. f5+ Kf7 31. gxf6 Bxf6 32. Bxc7 Rxh4 33.
Rf3 Rg4 34. Rd3 Rg2+ 35. Kd1 Rg1+ 36. Kd2 Rg2+ 37. Kd1 h5 38. Rxd5 Bxc3 39. a5
Bxa5 40. Be5 h4 41. c3 h3 42. b4 Bxb4 43. cxb4 h2 44. Bxh2 Rxh2 45. Rd7+ Kf6
46. Rxa7 Rb2 47. Rb7 Rxb4 48. Kd2 Rb1 49. Ke3 b5 50. Ke4 Rb4+ 51. Ke3 Rb2 52.
Ke4 Re2+ 53. Kf4 Rf2+ 54. Ke4 Re2+ 55. Kf4 Rf2+ 56. Ke4 Rxf5 57. Rxg7 Kxg7 58.
Kxf5 b4 59. Ke4 1/2-1/2

[Event "43. Olimpiada Batumi 2018 Femenina"]
[Site "Batumi GEO"]
[Date "2018.09.30"]
[Round "6.2"]
[White "Shen, Yang"]
[Black "Muzychuk, Mariya"]
[Result "0-1"]
[WhiteElo "2464"]
[BlackElo "2533"]
[PlyCount "104"]
[EventDate "2018.09.24"]
[EventType "team-swiss"]
[EventRounds "11"]
[EventCountry "GEO"]
[SourceTitle "Ajedrez en Madrid"]
[Source "lmi"]
[SourceDate "2018.09.24"]
[WhiteTeam "China"]
[BlackTeam "Ukraine"]
[WhiteTeamCountry "CHN"]
[BlackTeamCountry "UKR"]

1. d4 d5 2. Nf3 Nf6 3. c4 e6 4. Nc3 c6 5. e3 Nbd7 6. Qc2 Bd6 7. b3 O-O 8. Be2
b6 9. O-O Bb7 10. Bb2 Qe7 11. a4 a5 12. Rfd1 Rac8 13. h3 Rfd8 14. Rab1 e5 15.
dxe5 Nxe5 16. cxd5 cxd5 17. Qf5 g6 18. Qg5 Nxf3+ 19. Bxf3 d4 20. exd4 Bxf3 21.
gxf3 Qe6 22. Qh4 Qf5 23. Ne4 Be7 24. d5 Nxd5 25. Qg4 Rc2 26. Qxf5 gxf5 27. Ng3
Bc5 28. Bd4 Nc3 29. Bxc3 Rxd1+ 30. Rxd1 Rxc3 31. Nxf5 Rxf3 32. Rd8+ Bf8 33. Ne3
Rxh3 34. Rb8 Rh6 35. Nd5 Kg7 36. Nxb6 Rg6+ 37. Kh1 Bc5 38. Nc4 Bxf2 39. Nxa5 h5
40. Nc4 h4 41. Rb7 Bg3 42. Rb6 Rg4 43. Rb5 Re4 44. Rd5 Kg6 45. Kg2 f5 46. Kf3
Rf4+ 47. Ke3 Rf1 48. Ne5+ Bxe5 49. Ke2 Ra1 50. Rd3 Kg5 51. Kf2 Kg4 52. Kg2 h3+
0-1

[Event "43. Olimpiada Batumi 2018 Femenina"]
[Site "Batumi GEO"]
[Date "2018.09.30"]
[Round "6.3"]
[White "Ushenina, Anna"]
[Black "Huang, Qian"]
[Result "0-1"]
[WhiteElo "2451"]
[BlackElo "2446"]
[PlyCount "288"]
[EventDate "2018.09.24"]
[EventType "team-swiss"]
[EventRounds "11"]
[EventCountry "GEO"]
[SourceTitle "Ajedrez en Madrid"]
[Source "lmi"]
[SourceDate "2018.09.24"]
[WhiteTeam "Ukraine"]
[BlackTeam "China"]
[WhiteTeamCountry "UKR"]
[BlackTeamCountry "CHN"]

1. d4 d5 2. c4 c6 3. Nf3 Nf6 4. Nc3 a6 5. a4 e6 6. g3 c5 7. cxd5 Nxd5 8. Bg2
Nc6 9. O-O Be7 10. Nxd5 exd5 11. dxc5 Bxc5 12. Bg5 f6 13. Rc1 Bb6 14. Bd2 Be6
15. b4 O-O 16. Qb3 Bf7 17. Qb2 Re8 18. e3 a5 19. bxa5 Nxa5 20. Bc3 Nc4 21. Qb5
Nd6 22. Qb4 Ba5 23. Qb2 Bxc3 24. Rxc3 Rxa4 25. Rd1 Qa5 26. Rc2 Bg6 27. Rcc1 Be4
28. Ra1 Rxa1 29. Rxa1 Qb5 30. Qd4 Rc8 31. Nd2 Nf5 32. Qa7 Bxg2 33. Kxg2 Rc2 34.
Qb8+ Kf7 35. Qf4 Qd3 36. Nf1 d4 37. Ra7 Qb5 38. exd4 Qd5+ 39. Qf3 Qxf3+ 40.
Kxf3 Nxd4+ 41. Ke4 Rxf2 42. Rxb7+ Kg6 43. Kxd4 Rxf1 44. Ke3 Kh6 45. Ke2 Rf5 46.
h4 Kg6 47. Ra7 Rb5 48. Kf3 Rb3+ 49. Kf2 Rd3 50. Rb7 f5 51. Kg2 Re3 52. Ra7 Kf6
53. Rb7 h6 54. Ra7 Rd3 55. Rb7 Rd2+ 56. Kf3 g5 57. hxg5+ hxg5 58. Ke3 Rd6 59.
Rb8 Ra6 60. Rb5 Ra3+ 61. Kf2 Ra2+ 62. Kf1 Rd2 63. Ra5 Rd4 64. Kf2 Ke6 65. Ke3
Rc4 66. Ra8 Rc3+ 67. Kf2 Rc2+ 68. Ke3 Rc3+ 69. Kf2 Rd3 70. Re8+ Kf7 71. Re5 Kg6
72. Ra5 Rd2+ 73. Kf1 Kf6 74. Rb5 Ra2 75. Kg1 Ra4 76. Kf2 Ke6 77. Ke3 Rc4 78.
Kf2 Rd4 79. Ke3 Rd5 80. Rb8 Ra5 81. Rg8 Kf6 82. Kf2 Ra2+ 83. Kf1 Rd2 84. Kg1
Re2 85. Kf1 Re7 86. Kf2 Rg7 87. Re8 Kf7 88. Ra8 Rg8 89. Ra5 Kg6 90. Kf3 Rb8 91.
Kf2 Rb6 92. Kg1 Rf6 93. Kf2 Rf8 94. Kf3 Rc8 95. Kf2 Rd8 96. Kf1 Kf6 97. Kf2
Rd2+ 98. Ke3 Rc2 99. Ra6+ Kf7 100. Kf3 Rd2 101. Ke3 Rd7 102. Kf3 Re7 103. Rb6
Re6 104. Rb8 Ra6 105. Rb5 Kf6 106. Kf2 g4 107. Kf1 Ke6 108. Kf2 Rd6 109. Ke3
Rd5 110. Rb8 Rd1 111. Rb6+ Ke5 112. Rb5+ Kf6 113. Rb6+ Ke5 114. Rb5+ Rd5 115.
Rb8 Ra5 116. Rb3 Ra2 117. Rb5+ Kf6 118. Rb6+ Kg5 119. Rb8 Rg2 120. Rg8+ Kf6
121. Rf8+ Kg6 122. Kf4 Rf2+ 123. Ke5 Re2+ 124. Kd4 Rg2 125. Ke5 Rxg3 126. Rxf5
Rf3 127. Rf4 Kg5 128. Ra4 g3 129. Ra8 Re3+ 130. Kd4 Re1 131. Kd3 Kg4 132. Kd2
Re7 133. Rg8+ Kh3 134. Rh8+ Kg2 135. Rg8 Re5 136. Rg7 Kh2 137. Rh7+ Kg1 138.
Rg7 g2 139. Rg8 Rh5 140. Ke2 Kh2 141. Kf2 Rf5+ 142. Ke2 g1=Q 143. Rh8+ Kg2 144.
Rg8+ Kh1 0-1

[Event "43. Olimpiada Batumi 2018 Femenina"]
[Site "Batumi GEO"]
[Date "2018.09.30"]
[Round "6.4"]
[White "Lei, Tingjie"]
[Black "Zhukova, Natalia"]
[Result "1/2-1/2"]
[WhiteElo "2468"]
[BlackElo "2403"]
[PlyCount "127"]
[EventDate "2018.09.24"]
[EventType "team-swiss"]
[EventRounds "11"]
[EventCountry "GEO"]
[SourceTitle "Ajedrez en Madrid"]
[Source "lmi"]
[SourceDate "2018.09.24"]
[WhiteTeam "China"]
[BlackTeam "Ukraine"]
[WhiteTeamCountry "CHN"]
[BlackTeamCountry "UKR"]

1. e4 e5 2. Nf3 Nc6 3. Bc4 Bc5 4. O-O Nf6 5. d3 O-O 6. a4 a5 7. c3 d5 8. exd5
Nxd5 9. Re1 Bg4 10. Nbd2 Nb6 11. Bb5 Bd6 12. h3 Bh5 13. Ne4 f6 14. Ng3 Bf7 15.
Nf5 Ne7 16. Nxe7+ Bxe7 17. d4 exd4 18. Nxd4 Bc5 19. Re4 f5 20. Re5 Bd6 21. Rxf5
c5 22. Bg5 Qc8 23. Rxf7 Rxf7 24. Nf3 Bf4 25. Qe2 h6 26. Bxf4 Rxf4 27. Rd1 Rf6
28. Qe4 Qe6 29. Qxb7 Raf8 30. Re1 Qd6 31. Qe4 Rf4 32. Qe2 c4 33. Rd1 Qg6 34.
Kh2 Re4 35. Qd2 Qe6 36. Qd6 Qxd6+ 37. Rxd6 Rf6 38. Rxf6 gxf6 39. Nd2 Re1 40.
Nxc4 Nxc4 41. Bxc4+ Kf8 42. Kg3 Rb1 43. b3 Rc1 44. Kf4 Rxc3 45. f3 Rc1 46. h4
Re1 47. g3 Kg7 48. Bd5 Re2 49. g4 Rh2 50. Kg3 Rd2 51. Bc4 Rd1 52. Kf2 Rh1 53.
h5 Rd1 54. Ke3 f5 55. Bd3 fxg4 56. fxg4 Kf6 57. Kd4 Rc1 58. Bc4 Rg1 59. Kc5
Rxg4 60. Kb6 Rg5 61. Bb5 Rg3 62. Bc4 Rg5 63. Bb5 Rg3 64. Bc4 1/2-1/2

[Event "43. Olimpiada Batumi 2018 Femenina"]
[Site "Batumi GEO"]
[Date "2018.09.30"]
[Round "6.2"]
[White "Mkrtchian, Lilit"]
[Black "Goryachkina, Aleksandra"]
[Result "1-0"]
[WhiteElo "2384"]
[BlackElo "2535"]
[PlyCount "83"]
[EventDate "2018.09.24"]
[EventType "team-swiss"]
[EventRounds "11"]
[EventCountry "GEO"]
[SourceTitle "Ajedrez en Madrid"]
[Source "lmi"]
[SourceDate "2018.09.24"]
[WhiteTeam "Armenia"]
[BlackTeam "Russia"]
[WhiteTeamCountry "ARM"]
[BlackTeamCountry "RUS"]

1. d4 d5 2. c4 c6 3. Nc3 Nf6 4. e3 e6 5. Nf3 Nbd7 6. Bd3 dxc4 7. Bxc4 b5 8. Bd3
Bd6 9. Bd2 Bb7 10. Rc1 Rc8 11. Ne2 O-O 12. O-O b4 13. e4 c5 14. e5 Bxf3 15.
exd6 Bxe2 16. Qxe2 Qb6 17. dxc5 Nxc5 18. Bb1 Ncd7 19. Be3 Qxd6 20. Bxa7 Rxc1
21. Rxc1 Ra8 22. Be3 Nd5 23. Bd2 Ne5 24. h3 Ng6 25. Qe4 f5 26. Qd4 h6 27. Re1
Kh7 28. Qd3 Kh8 29. Qc4 Rd8 30. Bc1 Ndf4 31. Bc2 Qb8 32. Bb3 Rc8 33. Qa6 Nxg2
34. Kxg2 Nh4+ 35. Kf1 Nf3 36. Bf4 Qxf4 37. Qxc8+ Kh7 38. Qxe6 Nd2+ 39. Ke2 Ne4
40. Qg8+ Kg6 41. Rg1+ Kh5 42. Qf7+ 1-0